| 000 | 00510nam a2200205 a 4500 | ||
|---|---|---|---|
| 001 | BRCA_6093 | ||
| 005 | 20190320205331.0 | ||
| 008 | 220611s1931----fr-#######---#000-0#fre-# | ||
| 041 | _afre | ||
| 044 | _afr | ||
| 050 | 4 |
_aPQ2165 _p.D48 _c1931 |
|
| 245 | 1 | 0 |
_aMemoires de deux jeunes mariees _cHonore de Balzac |
| 260 |
_aParĂs _bGallimard _c1931 |
||
| 300 |
_a223 p. _c17 cm. |
||
| 500 | _aI17 | ||
| 650 | 1 | 4 |
_aLiteratura francesa _915408 |
| 740 | 0 | _aDeux jeunes mariees | |
| 902 | _aGFM | ||
| 942 |
_2lcc _cB |
||
| 999 |
_c5780 _d5780 |
||